000 01008nam a2200289 c 4500
003 BLK
005 20250129121011.0
008 180408b bul|||||r ||||||| ||bul||
010 _aKNG00047791000
040 _aBLK
041 _aBUL
_cBUL
080 _aЛатинска (римска) литература
_b821.124
_x-8
_z821.124-8
700 1 _aНиколова, Анна Бориславова
_eсъстав. и прев.
_9367847
139 _aРимска литература
_bР 62
245 1 0 _aРимска литература
_bСборник
_cсъстав. и прев. Анна Бориславова Николова.
257 _aBGR
260 София
_bОтечество
_c1988
300 _a296 с.
_c22 см
380 _aX
490 1 _aБиблиотека за ученика
852 _aЦб 155948
856 4 _qpdf
_u
856 4 _qpdf
_u
942 _cKNG
_n0
_01
944 _aCR
_c27.07.2004
_k30534
_lРадостина Карадакова
944 _aED
_c02.08.2004
_k
999 _c44032
_d44032